Statistics for Shadows of Evil Quiz | Call of Duty Zombies

Click here to take the quiz!

General Stats

  • This quiz has been taken 19 times
  • The average score is 14 of 19

Answer Stats

HintAnswer% Correct
How many fuses are needed to spawn the Civil Protector3
100%
How many gate worms are needed to power the 'Pack-A-Punch' Machine4
100%
What is the name of the Three-Headed bossMargwa
100%
Which 'keeper' is the antagonist of Shadows of EvilThe Shadow Man
92%
What is the name of the new perk addedWidows Wine
92%
What is the name of the Wonder-Weapon that can be craftedApothicon Servant
83%
What extra playable mode was introduced on 'Shadows of Evil'Beast Mode
83%
Which character comes and steals the 'Summoning Key' at the end of the Easter-Egg cut sceneDr Edward Richtofen
83%
What piece of equipment can be found to harvest the pods grown around the mapFumigator
83%
Name one of the three items needed to craft this Wonder-WeaponMargwa Heart, Margwa Tentacle, Xenomatter
83%
What is the specialist that can be obtainedThe Sword / Apothicon Sword
83%
What is the new starting pistol calledBloodhound
75%
What vehicle needs to be taken to find the three symbols needed to reveal the Sword HolderTram
75%
What city is 'Shadows of Evil' set inMorg City
67%
Which item needs to be upgraded to turn the specialist item into the 'Keeper Sword'Apothicon Egg
50%
What is the name of the Shield that can be craftedRocket Shield
50%
Which characters ritual can be found in 'Footlight District'Jessica Rose
42%
What is the most expensive all buyBowie Knife
33%
What is the name of the street where you spawn first spawnEasy Street
33%

Score Distribution

Percentile by Number Answered

Percent of People with Each Score

Your Score History

You have not taken this quiz